| 000 | 00463nam a2200121Ia 4500 | ||
|---|---|---|---|
| 008 | 220620s9999||||xx |||||||||||||| ||und|| | ||
| 100 | _aMichael Schenker||Liliana Streba||Dan Ionut Gheonea | ||
| 245 | 0 | _aCurrent Trends in Cancer Management | |
| 546 | _aEnglish[eng] | ||
| 650 | _aLife Sciences||Genetics and Molecular Biology||Oncology||Biochemistry||Cancer Biology | ||
| 856 | _uhttps://www.intechopen.com/books/current-trends-in-cancer-management | ||
| 942 | _cEB | ||
| 999 |
_c35223 _d35223 |
||